Welcome to WEB OPAC of MRSPTU Central Library

Fundamentals of Electrical amd Electronics Measurements (Record no. 6611)

MARC details
000 -LEADER
fixed length control field 00459nam a2200169Ia 4500
008 - FIXED-LENGTH DATA ELEMENTS--GENERAL INFORMATION
fixed length control field 230711s9999||||xx |||||||||||||| ||und||
020 ## - INTERNATIONAL STANDARD BOOK NUMBER
International Standard Book Number 978-81-224-3600-6
041 ## - LANGUAGE CODE
Language code of text/sound track or separate title ENG
082 ## - DEWEY DECIMAL CLASSIFICATION NUMBER
Classification number 621.3
Item number VI-F
100 ## - MAIN ENTRY--PERSONAL NAME
Personal name Vijay Singh
245 #0 - TITLE STATEMENT
Title Fundamentals of Electrical amd Electronics Measurements
250 ## - EDITION STATEMENT
Edition statement 1st Ed.
260 ## - PUBLICATION, DISTRIBUTION, ETC.
Date of publication, distribution, etc. 2014
Place of publication, distribution, etc. New Delhi
Name of publisher, distributor, etc. New Age International Publishers
300 ## - PHYSICAL DESCRIPTION
Extent 341p.
650 ## - SUBJECT ADDED ENTRY--TOPICAL TERM
Topical term or geographic name entry element Electronics Engineering
942 ## - ADDED ENTRY ELEMENTS (KOHA)
Koha item type Book
Holdings
Withdrawn status Lost status Damaged status Not for loan Collection Home library Current library Date acquired Source of acquisition Cost, normal purchase price Inventory number Total checkouts Full call number Barcode Date last seen Price effective from Koha item type Date last checked out
          MRSPTU Central Library MRSPTU Central Library 08/04/2043 Krishna Book Distributors 250.00 KBD/2017-2018/1019043059   621.3 VI-F 39261 08/17/2023 08/17/2023 Book  
          MRSPTU Central Library MRSPTU Central Library 08/04/2043 Krishna Book Distributors 250.00 KBD/2017-2018/1019043059   621.3 VI-F 39262 08/17/2023 08/17/2023 Book  
          MRSPTU Central Library MRSPTU Central Library 08/04/2043 Krishna Book Distributors 250.00 KBD/2017-2018/1019043059   621.3 VI-F 39263 08/17/2023 08/17/2023 Book  
          MRSPTU Central Library MRSPTU Central Library 08/04/2043 Krishna Book Distributors 250.00 KBD/2017-2018/1019043059   621.3 VI-F 39264 08/17/2023 08/17/2023 Book  
          MRSPTU Central Library MRSPTU Central Library 08/04/2043 Krishna Book Distributors 250.00 KBD/2017-2018/1019043059 1 621.3 VI-F 39265 02/25/2026 08/17/2023 Book 02/06/2026

Website Designed and Developed by MRSPTU Central Library Team

E-mail Id: librarian@mrsptu.ac.in